99 Analogies of Increasing Difficulty - Statistics

General Stats
  • This quiz has been taken 39 times
  • The average score is 56 of 99
Answer Stats
% Hint Answer % Correct
98% A is to Z {Alpha} is to Omega
97%
96% Ride is to Bike {Drive} is to Car
97%
99% Polish is to Poland {Greek} is to Greece
97%
97% Plus is to Addition {Minus} is to Subtraction
97%
94% XY is to Man {XX} is to Woman
97%
91% 8 is to Octagon 5 is to {Pentagon}
95%
93% Koala is to Eucalyptus Giant Panda is to {Bamboo}
95%
95% Calf is to Cow {Kitten} is to Cat
95%
86% Empty is to Full Pessimist is to {Optimist}
95%
92% 32 is to Teeth 206 is to {Bones}
92%
85% Adjective is to Noun {Adverb} is to Verb
92%
88% Waiter is to Waitress Hero is to {Heroine}
92%
87% Superman is to DC Comics Spiderman is to {Marvel}
92%
89% Scene is to Play {Chapter} is to Book
89%
83% Garbage is to Rubbish Elevator is to {Lift}
89%
82% ♂ is to Testosterone ♀ is to {Estrogen}
89%
84% J.K. is to Rowling J.R.R. is to {Tolkien}
89%
80% Felipe is to Philip Pedro is to {Peter}
89%
69% CIA is to United States Mossad is to {Israel}
87%
75% Carnival is to Rio de Janeiro Oktoberfest is to {Munich}
87%
73% Bigfoot is to United States {Yeti} is to Nepal
87%
72% 7 is Heptathlon 10 is to {Decathlon}
84%
81% Bovine is to Cow {Canine} is to Dog
84%
90% Calamari is to Squid Escargot is to {Snail}
84%
78% Donna Summer is to Disco Bob Marley is to {Reggae}
82%
77% Pisces is to Fish Cancer is to {Crab}
82%
79% Pyro is to Burn Klepto is to {Steal}
82%
70% Halal is to Islam {Kosher} is to Judaism
82%
74% New York City is to Washington D.C. Toronto is to {Ottawa}
82%
68% Ultimate is to Last {Penultimate} is to Next to Last
79%
71% Two is to Secondary Three is to {Tertiary}
79%
62% Sting is to The Police {Bono} is to U2
76%
56% John Paul II is to Poland Francis is to {Argentina}
76%
76% π is to Pi Δ is to {Delta}
76%
65% Romeo is to Montague Juliet is to {Capulet}
76%
58% Robin is to Batman Little John is to {Robin} {Hood}
76%
66% Graceland is to Presley Neverland Ranch is to {Jackson}
76%
63% Left is to Right {Port} is to Starboard
74%
64% Manga is to Comic Books {Anime} is to Cartoons
71%
39% Gaucho is to Patagonia {Cowboy} is to North America
71%
57% Poirot is to Christie {Holmes} is to Conan Doyle
71%
51% Bear is to Stocks go Down {Bull} is to Stocks go Up
68%
59% Friday is to Good Wednesday is to {Ash}
68%
54% Macau is to Portugal {Hong} {Kong} is to United Kingdom
66%
67% Pride is to Prejudice Sense is to {Sensibility}
66%
43% 1600 Pennsylvania is to the U.S. {10} {Downing} is to the U.K.
63%
60% Nevis is to Kitts Grenadines are to {Vincent}
63%
55% Guinness is to Dublin Heineken is to {Amsterdam}
61%
46% Gerontologist is to Old {Pediatrician} is to Young
61%
41% Denali is to Mount McKinley Uluru is to {Ayers} {Rock}
61%
47% Pretty Woman is to Gere Dirty Dancing is to {Swayze}
58%
49% Pinatubo is to Luzon Etna is to {Sicily}
58%
53% Cranberry is to Bog Rice is to {Paddy}
58%
61% Mafia is to Sicily {Yakuza} is to Japan
58%
37% Catcher in the Rye is to Salinger Grapes of Wrath is to {Steinbeck}
55%
52% Dapper is to Dan Nervous is to {Nellie}
55%
45% Edible is to Food {Potable} is to Water
55%
42% Colt is to Filly Stallion is to {Mare}
55%
50% Lancaster is to York {Montague} is to Capulet
53%
48% Stressed is to Desserts Spacer is to {Recaps}
53%
34% Err is to Human {Forgive} is to Divine
50%
44% Batman is to Gotham City Superman is to {Metropolis}
50%
36% Solomon is to Proverbs {David} is to Psalms
47%
38% Slash is to Guns n' Roses The Edge is to {U2}
47%
40% Swan is to Björk Meat is to {Lady} {Gaga}
45%
19% Thames is to England {Shannon} is to Ireland
45%
35% Cashmere is to Goat Angora is to {Rabbit}
42%
32% Achilles is to Greece {Hector} is to Troy
42%
21% Kicked is to Bucket Bought is to {Farm}
39%
31% New is to Full {Crescent} is to Gibbous
39%
14% Kosciuszko is to Australasia Vinson Massif is to {Antarctica}
37%
30% 12 is to Dozen 20 is to {Score}
34%
18% Pablo Picasso is to Cubism George Seurat is to {Pointillism}
34%
28% Romaine is to Lettuce Hass is to {Avocado}
34%
23% Herakles is to Greek legend {Samson} is to the Bible
34%
33% Richter is to Earthquake Fujita is to {Tornado}
32%
22% Alexander the Great is to Alexandria Jean Parisot de Valette is to {Valletta}
32%
16% Ranch is to United States {Station} is to Australia
29%
29% Alex is to Keanu Bill is to {Ted}
26%
26% Central Park is to New York City Stanley Park is to {Vancouver}
26%
24% 7 is to Spitz 8 is to {Phelps}
24%
27% Baby Got Back is to Sir Mix-A-Lot {Fat} {Bottomed} {Girls} is to Queen
24%
17% Adrian is to Sylvester Stallone Stella is to {Marlon} {Brando}
24%
25% & is to Ampersand ^ is to {Caret}
21%
7% Functional is to liver {Vestigial} is to appendix
21%
2% The United Arab Republic was to Syria {Gran Colombia} was to Colombia
18%
3% Mount is to England {San} is to Korea
16%
20% TAP is to Portugal {Aeroflot} is to Russia
13%
15% Drake is to Aubrey Snoop Dogg is to {Calvin}
13%
13% The Magdalena is to Colombia The {Orinoco} is to Venezuela
13%
9% Triumvirate is to Rome {Troika} is to Russia
13%
10% Dorsal is to back {Pectoral} is to front
11%
5% Pride is to Lions {Leap} is to leopards.
8%
11% Mandalay Bay is to Myanmar {Luxor} is to Egypt
5%
6% Necrophobia is to death Pogonophobia is to {Beards}
3%
12% Real Madrid is to Rafael Nadal {San Lorenzzo} is to Pope Francis
3%
1% Bluetooth is to Denmark Solomon is to {Ethiopia}
3%
8% Brazuca is to 2014 World Cup {Teamgeist} is to 2006 World Cup
3%
4% Summer is to Athens Winter is to {Chamonix}
3%
No matching quizzes found
Score Distribution
Percent of People with Each Score
Percentile by Number Answered
Your Score History
You have not taken this quiz